| 000 | 00799cam a2200277 a 4500 | ||
|---|---|---|---|
| 999 |
_c8471 _d8471 |
||
| 001 | 8471 | ||
| 003 | BD-JhCC | ||
| 005 | 20180925173636.0 | ||
| 008 | 020607s1998 ctu | |||| ||eng| | ||
| 020 | _a0313304084 | ||
| 035 | _a(BD-JhCC) | ||
| 035 | _a1947046 | ||
| 040 |
_aBD-JhCC _dBD-JhCC |
||
| 041 | _aeng | ||
| 082 |
_a809 _bTRA 1955 |
||
| 100 | 1 |
_aB. Trawick _d1942- |
|
| 245 | 1 | 0 |
_aWorld literature / _cB. Trawick |
| 260 |
_aWestport, Conn. ; _aLondon : _bGreenwood, _c1998. |
||
| 300 |
_a373p. : _c25cm. |
||
| 490 | 1 |
_aContributions to the study of world literature ; _vno.91 |
|
| 504 | _aIncludes bibliographical references (p.[211]-217) and index. | ||
| 650 | _aLiterature | ||
| 830 | 0 |
_aContributions to the study of world literature ; _vno.91. |
|
| 942 |
_2ddc _cBK |
||